LEADER 01434nam a2200277 u 4500 001 000000023360 003 CaOOAMICUS 005 20070226111229.0 008 950509s1962 gw h u000 u ger u 035 $a10588049 040 $aPUL(R)$bita 041 1 $ager$alat 130 0 $aSacramentarium,$kJena.$0(OLS)http://pul/title/32475 245 14$aDas Sakramentar von Jena :$b(Bud. M. F. 366 der Universitäts-Bibliothek) in beratender Verbindung mit P. DDr. Alban Dold OSB und P. Dr. Virgil Fiala OSB /$cherausgegeben von Klaus Gamber, anhang: fragmente sp&ater Gelasiana aus Oberitalien. 260 $aBeuron :$bBeuroner Kunstverlag,$c1962. 300 $a126 p. [2] c. di tav. :$bfacs. ;$c23 cm 490 1 $aTexte und Arbeiten ;$vHft. 52 500 $aContiene indice. 630 04$aSacramentarium.$0(OLS)http://pul/subject/14407 830 0$aTexte und Arbeiten (Beuroner Kunstverlag) ;$vHft. 52.$0(OLS)http://pul/title/32477 850 $aPUL 852 $aPUL$W1$xDP1 Fondo Maccarrone$y58$m1521 C 18$j32761$nBK-PRI$b $qFondi$B32761$CPULBib$Z2$F32761 $H $81 941 1 $a1 961 $aINV: 5365 F. Maccarrone 996 $6245$aDas Sakramentar von Jena :$b(Bud. M. F. 366 der Universitäts-Bibliothek) in beratender Verbindung mit P. DDr. Alban Dold OSB und P. Dr. Virgil Fiala OSB$9(OLS)http://pul/title/32476 996 $6260$aBeuron :$bBeuroner Kunstverlag$9(OLS)http://pul/publisher/54977 LEADER 01691nam a2200301 a 4500 001 000000123767 003 CaOOAMICUS 005 20101118161026.0 008 101118s1984 be a u000 u lat u 040 $aPUL(R)$b 100 0 $aAugustinus,$cs., vesc. d'Ippona,$d354-430.$0(OLS)http://pul/name/1290 240 10$aRetractationes.$lLatino.$0(OLS)http://pul/title/150768 245 10$aRetractationum libri II /$cSanctus Aurelius Augustinus ; curante CETEDOC, Universitas Catholica Lovaniensis, Lovanii Novi. 260 $aTurnhout :$bBrepols,$c1984. 300 $a38 p. ;$c25 cm +$e3 microfiches 490 1 $aCorpus Christianorum. Instrumenta Lexicologica Latina. Series A ;$v23 600 04$aAugustinus,$cs., vesc. d'Ippona,$d354-430$lRetractationes$xConcordanze.$0(OLS)http://pul/subject/37346 710 2 $aCETEDOC.$0(OLS)http://pul/name/21 776 1 $aAugustinus, s., vsc. d'Ippoona, 354-430.$tSancti Aurelii Augustini Retractationum libri II.$dTurnholti : Brepols, 1984.$kCorpus Christianorum. Series Latina$kAugustinus, s., vsc. d'Ippoona, 354-430 Opera omnia$z2503030009$w()10100 830 0$aCorpus Christianorum.$pInstrumenta Lexicologica Latina.$pSeries A ;$v23.$0(OLS)http://pul/title/155773 850 $aPUL 852 $aPUL$W1$xSL Cons. Gen., Altre Classi 1$y1$m2008 G 4.23$j142563$qStampati$B141523$CPULBib$Z2$F141523 $H53183 $82 900 $aAgostino,$cs., vesc. d'Ippona,$d354-430$91290 900 $aAgostino, Aurelio,$cs., vesc. d'Ippona$d354-430$91290 941 1 $a8 996 $6245$aRetractationum libri II$9(OLS)http://pul/title/155999 996 $6260$aTurnhout :$bBrepols$9(OLS)http://pul/publisher/47850